[Event "Caxambu op"]
[Site "Caxambu"]
[Date "2020.03.07"]
[Round "3"]
[White "Marques, Ubiratan de Azevedo"]
[Black "Pereira, Fabio Costa Maglion"]
[Result "0-1"]
[WhiteElo "1691"]
[BlackElo "1319"]
[PlyCount "53"]
[EventDate "2020.03.06"]
[EventType "swiss"]
[EventRounds "6"]
[EventCountry "BRA"]
[SourceTitle "CBM 195 Extra"]
[Source "ChessBase"]
[SourceDate "2020.05.31"]
[SourceVersion "1"]
[SourceVersionDate "2020.05.31"]
[SourceQuality "1"]

1. d4 Nf6 2. h3 g6 3. Bf4 Bg7 4. e3 d5 5. Nf3 0-0 6. Be2 Nbd7 7. Nbd2 b6 8. 0-0 Bb7 9. a4 c5 10. c3 Rc8 11. b3 h5 12. c4 e6 13. Ne5 Nxe5 14. Bxe5 Nd7 15. Bxg7 Kxg7 16. cxd5 Bxd5 17. e4 Bb7 18. Nc4 Qe7 19. Bf3 Ba6 20. Re1 Rfd8 21. d5 Bxc4 22. bxc4 Ne5 23. Be2 f5 24. Qb3 Qg5 25. Bf3 f4 26. Kh2 h4 27. Bg4 0-1

[Event "American Continental 14th"]
[Site "Montevideo"]
[Date "2018.06.09"]
[Round "10"]
[White "Marques, Ubiratan de Azevedo"]
[Black "Oviedo, Mathias"]
[Result "0-1"]
[WhiteElo "1777"]
[BlackElo "1611"]
[PlyCount "114"]
[EventDate "2018.06.01"]
[EventType "swiss"]
[EventRounds "11"]
[EventCountry "URU"]
[SourceTitle "CBM 184 Extra"]
[Source "ChessBase"]
[SourceDate "2018.06.28"]
[SourceVersion "1"]
[SourceVersionDate "2018.06.28"]
[SourceQuality "1"]

1. e4 c5 2. Nf3 d6 3. Nc3 e6 4. a3 Nf6 5. Bc4 Be7 6. 0-0 0-0 7. d4 Nxe4 8. Nxe4 d5 9. Nxc5 dxc4 10. Ne4 b5 11. c3 Bb7 12. Re1 Nd7 13. Bg5 Bxe4 14. Bxe7 Bxf3 15. Bxd8 Bxd1 16. Be7 Rfe8 17. Bd6 Bc2 18. f4 Bd3 19. Re3 Nb6 20. Rd1 Na4 21. Rd2 a5 22. g4 Ra6 23. Bc5 Nxc5 24. dxc5 Rc6 25. b4 axb4 26. axb4 Ra8 27. Kf2 Ra3 28. Rexd3 cxd3 29. Rxd3 g6 30. h4 Kg7 31. Ke3 Ra1 32. Kd4 Rg1 33. g5 Rg4 34. Rf3 Rxh4 35. c4 bxc4 36. b5 Rc8 37. c6 c3 38. Kxc3 Rh1 39. Kb4 Rb1+ 40. Rb3 Rxb3+ 41. Kxb3 Kf8 42. Kb4 Ke7 43. Kc5 Re8 44. b6 Kd8 45. Kd6 Kc8 46. b7+ Kb8 47. Kd7 Rh8 48. Ke7 Kc7 49. Kxf7 Kxc6 50. Kg7 Rb8 51. Kxh7 Kxb7 52. Kxg6 Rf8 53. Kg7 Rxf4 54. Kh7 Rg4 55. Kh6 e5 56. g6 e4 57. Kh7 e3 0-1

[Event "American Continental 14th"]
[Site "Montevideo"]
[Date "2018.06.08"]
[Round "9"]
[White "Granara Barreto, Sebastian A"]
[Black "Marques, Ubiratan de Azevedo"]
[Result "1-0"]
[WhiteElo "2141"]
[BlackElo "1777"]
[PlyCount "45"]
[EventDate "2018.06.01"]
[EventType "swiss"]
[EventRounds "11"]
[EventCountry "URU"]
[SourceTitle "CBM 184 Extra"]
[Source "ChessBase"]
[SourceDate "2018.06.28"]
[SourceVersion "1"]
[SourceVersionDate "2018.06.28"]
[SourceQuality "1"]

1. c4 c6 2. g3 d5 3. Bg2 dxc4 4. Na3 Qd4 5. Nf3 Qc5 6. 0-0 Nf6 7. Qc2 Bf5 8. d3 b5 9. Nh4 Bd7 10. dxc4 b4 11. Be3 Qh5 12. Nb5 g5 13. Bf3 Ng4 14. Nc7+ Kd8 15. Nxa8 gxh4 16. Bxg4 Qxg4 17. Bxa7 f5 18. Bxb8 Rg8 19. Rad1 f4 20. Qe4 hxg3 21. fxg3 Ke8 22. Rxf4 Qh3 23. Nc7+ 1-0

[Event "American Continental 14th"]
[Site "Montevideo"]
[Date "2018.06.03"]
[Round "4"]
[White "Carvalho, Herbert Abreu"]
[Black "Marques, Ubiratan de Azevedo"]
[Result "1-0"]
[WhiteElo "2149"]
[BlackElo "1777"]
[PlyCount "73"]
[EventDate "2018.06.01"]
[EventType "swiss"]
[EventRounds "11"]
[EventCountry "URU"]
[SourceTitle "CBM 184 Extra"]
[Source "ChessBase"]
[SourceDate "2018.06.28"]
[SourceVersion "1"]
[SourceVersionDate "2018.06.28"]
[SourceQuality "1"]

1. d4 Nf6 2. Nf3 d5 3. c4 c6 4. Nc3 e6 5. Qd3 dxc4 6. Qxc4 Nd5 7. e4 b5 8. Qb3 Nxc3 9. bxc3 a5 10. a4 b4 11. Bd2 Na6 12. c4 Be7 13. Be3 Bb7 14. Bd3 Qc7 15. 0-0 h6 16. c5 Rd8 17. Rac1 0-0 18. Bb1 Bc8 19. e5 f5 20. exf6 Bxf6 21. Qd3 Kf7 22. Qe4 Ke8 23. Bf4 Qa7 24. Bd6 Rg8 25. Qg4 Qb7 26. Bg6+ Kd7 27. Rfe1 Rde8 28. d5 Nc7 29. Be4 Kd8 30. dxc6 Qa7 31. Rcd1 Re7 32. Bxe7+ Kxe7 33. Nh4 Rd8 34. Ng6+ Ke8 35. Qh5 Na6 36. Ne5+ Kf8 37. Rd7 1-0

[Event "Rio de Janeiro Verao op"]
[Site "Rio de Janeiro"]
[Date "2014.01.19"]
[Round "7"]
[White "Leite, Tarcisio Dantas Fro"]
[Black "Marques, Ubiratan de Azevedo"]
[Result "1-0"]
[WhiteElo "1656"]
[BlackElo "1925"]
[PlyCount "83"]
[EventDate "2014.01.10"]
[EventType "swiss"]
[EventRounds "7"]
[EventCountry "BRA"]
[SourceTitle "CBM 158 Extra"]
[Source "ChessBase"]
[SourceDate "2014.02.28"]
[SourceVersion "1"]
[SourceVersionDate "2014.02.28"]
[SourceQuality "1"]

1. e4 c5 2. c3 e5 3. d4 cxd4 4. cxd4 Nc6 5. Nf3 Bb4+ 6. Nc3 Qc7 7. Bd2 exd4 8. Nd5 Bxd2+ 9. Qxd2 Qd8 10. Bc4 Nge7 11. 0-0 0-0 12. Rac1 d6 13. Nxd4 Ne5 14. Bb3 N7c6 15. f4 Nxd4 16. Qxd4 Nc6 17. Qd3 Bd7 18. Rc3 Na5 19. Bc2 f5 20. Qd4 b5 21. Rg3 g6 22. exf5 Nc6 23. Qc3 b4 24. Qb3 Bxf5 25. Ne7+ Kg7 26. Nxf5+ Rxf5 27. Bxf5 Nd4 28. Qd3 Qf6 29. Be4 Re8 30. Re3 Nf5 31. Bxf5 Rxe3 32. Qxe3 gxf5 33. Qxa7+ Kg6 34. Rf3 h5 35. Rg3+ Kh6 36. Rb3 Qe6 37. Qe3 Qc4 38. a3 bxa3 39. Rxa3 Kg6 40. Qg3+ Kf6 41. Qg5+ Ke6 42. Qg8+ 1-0

[Event "Rio de Janeiro Regional"]
[Site "Rio de Janeiro"]
[Date "2012.10.28"]
[Round "5"]
[White "Marques, Ubiratan de Azevedo"]
[Black "De Morais, Wagner Soares"]
[Result "1-0"]
[WhiteElo "1800"]
[BlackElo "1816"]
[PlyCount "53"]
[EventDate "2012.10.26"]
[EventType "swiss"]
[EventRounds "6"]
[EventCountry "BRA"]
[SourceTitle "EXT 2013"]
[Source "ChessBase"]
[SourceDate "2012.11.22"]
[SourceVersion "1"]
[SourceVersionDate "2012.11.22"]
[SourceQuality "1"]

1. e4 c5 2. Nf3 d6 3. c3 Nf6 4. e5 Nd5 5. Bb5+ Nc6 6. d4 e6 7. 0-0 cxd4 8. cxd4 Qb6 9. Na3 dxe5 10. Bxc6+ Qxc6 11. Nxe5 Qa6 12. Nac4 b5 13. Qf3 bxc4 14. Qxf7+ Kd8 15. Bd2 Be7 16. Ba5+ Nc7 17. Bxc7+ Kxc7 18. Qxe7+ Kb8 19. Rac1 Qb7 20. Qd6+ Qc7 21. Qb4+ Qb6 22. Qxc4 a5 23. d5 exd5 24. Qxd5 Ka7 25. Rc5 Ba6 26. Nc6+ Kb7 27. Qd7+ 1-0

[Event "Rio de Janeiro Regional"]
[Site "Rio de Janeiro"]
[Date "2012.10.28"]
[Round "6"]
[White "Reis, Virginia Lagrange M"]
[Black "Marques, Ubiratan de Azevedo"]
[Result "1/2-1/2"]
[WhiteElo "1903"]
[BlackElo "1800"]
[PlyCount "46"]
[EventDate "2012.10.26"]
[EventType "swiss"]
[EventRounds "6"]
[EventCountry "BRA"]
[SourceTitle "EXT 2013"]
[Source "ChessBase"]
[SourceDate "2012.11.22"]
[SourceVersion "1"]
[SourceVersionDate "2012.11.22"]
[SourceQuality "1"]

1. e4 e5 2. Nf3 Nc6 3. Bb5 a6 4. Bxc6 dxc6 5. 0-0 Bg4 6. h3 Bh5 7. g4 Bg6 8. Nxe5 Qh4 9. Nxg6 hxg6 10. Qf3 0-0-0 11. Kg2 Bd6 12. d3 Ne7 13. Nc3 f5 14. gxf5 gxf5 15. exf5 Kb8 16. Qg4 Qxg4+ 17. hxg4 Rh2+ 18. Kf3 Rh3+ 19. Ke2 Re8 20. Be3 Rh4 21. Rg1 b5 22. Rad1 Nd5 23. Nxd5 cxd5 1/2-1/2

[Event "Rio de Janeiro Regional"]
[Site "Rio de Janeiro"]
[Date "2012.10.27"]
[Round "4"]
[White "Silva, Marcelo dos Santos"]
[Black "Marques, Ubiratan de Azevedo"]
[Result "1-0"]
[WhiteElo "2017"]
[BlackElo "1800"]
[PlyCount "98"]
[EventDate "2012.10.26"]
[EventType "swiss"]
[EventRounds "6"]
[EventCountry "BRA"]
[SourceTitle "EXT 2013"]
[Source "ChessBase"]
[SourceDate "2012.11.22"]
[SourceVersion "1"]
[SourceVersionDate "2012.11.22"]
[SourceQuality "1"]

1. c4 Nf6 2. d4 g6 3. Nc3 Bg7 4. e4 d6 5. Be2 0-0 6. h4 h6 7. Be3 Nc6 8. Qd2 e5 9. d5 Nd4 10. 0-0-0 Nxe2+ 11. Qxe2 b6 12. f3 Nh5 13. Qd2 Kh7 14. Nge2 f5 15. Rdg1 f4 16. Bf2 Rf7 17. Qd1 Bd7 18. Kb1 Bf8 19. Qb3 Rg7 20. Rf1 Bc8 21. g3 fxg3 22. Nxg3 Nf4 23. Nce2 Rf7 24. Nxf4 exf4 25. Ne2 a5 26. Rfg1 a4 27. Qc2 Bd7 28. Nd4 Rg7 29. h5 g5 30. e5+ Kh8 31. e6 Be8 32. Nf5 Rh7 33. Bd4+ Kg8 34. Qe4 Be7 35. Nxe7+ Qxe7 36. Qxf4 c5 37. Bc3 Qf8 38. Qe4 Raa7 39. f4 Rhg7 40. f5 Rgb7 41. f6 b5 42. f7+ Bxf7 43. exf7+ Qxf7 44. Rf1 Qh7 45. Qg6+ Rg7 46. Bxg7 Qxg6+ 47. hxg6 Kxg7 48. Rf7+ Rxf7 49. gxf7 Kxf7 1-0

[Event "Rio de Janeiro Borensztajn op 1st"]
[Site "Rio de Janeiro"]
[Date "2012.06.23"]
[Round "4"]
[White "Marques, Ubiratan de Azevedo"]
[Black "Mano, Leonardo"]
[Result "1-0"]
[WhiteElo "1800"]
[BlackElo "1999"]
[PlyCount "109"]
[EventDate "2012.06.17"]
[EventType "swiss"]
[EventRounds "7"]
[EventCountry "BRA"]
[SourceTitle "CBM 149 Extra"]
[Source "ChessBase"]
[SourceDate "2012.08.24"]
[SourceVersion "1"]
[SourceVersionDate "2012.08.24"]
[SourceQuality "1"]

1. e4 e6 2. d4 d5 3. Nc3 dxe4 4. Nxe4 Nd7 5. c3 Ngf6 6. Bd3 Be7 7. Ne2 0-0 8. f4 b6 9. 0-0 Bb7 10. N2g3 c5 11. b3 cxd4 12. cxd4 Rc8 13. Bb2 Nd5 14. Qh5 N7f6 15. Qh3 h6 16. Rae1 Bb4 17. Nxf6+ Nxf6 18. Rxe6 fxe6 19. Qxe6+ Kh8 20. Qh3 Bc3 21. Bxc3 Rxc3 22. Nf5 Ng8 23. Rd1 Qd5 24. Qg4 Qxg2+ 25. Qxg2 Bxg2 26. Nh4 g5 27. Ng6+ Kg7 28. Nxf8 Bf3 29. Ne6+ Kf6 30. fxg5+ Kxe6 31. Re1+ Kf7 32. Bc4+ Kg7 33. Re8 Rxc4 34. gxh6+ Kxh6 35. bxc4 Kg7 36. Kf2 Bb7 37. Ke3 Kf7 38. Re5 Nf6 39. Kf4 Ba6 40. c5 Bb7 41. cxb6 axb6 42. Rb5 Bc6 43. Rf5 Ke6 44. Re5+ Kf7 45. h4 Bd5 46. a3 Bc4 47. h5 b5 48. Rg5 Be2 49. h6 Bd3 50. Ke5 Ne8 51. d5 Ke7 52. Rg3 Bc2 53. Rg8 Kf7 54. Rg2 Bd3 55. d6 1-0

[Event "Rio de Janeiro Borensztajn op 1st"]
[Site "Rio de Janeiro"]
[Date "2012.06.17"]
[Round "1"]
[White "Marques, Ubiratan de Azevedo"]
[Black "Frota, Alvaro M"]
[Result "0-1"]
[WhiteElo "1800"]
[BlackElo "2096"]
[PlyCount "84"]
[EventDate "2012.06.17"]
[EventType "swiss"]
[EventRounds "7"]
[EventCountry "BRA"]
[SourceTitle "CBM 149 Extra"]
[Source "ChessBase"]
[SourceDate "2012.08.24"]
[SourceVersion "1"]
[SourceVersionDate "2012.08.24"]
[SourceQuality "1"]

1. e4 e5 2. Nf3 Nc6 3. Bc4 Nf6 4. 0-0 Nxe4 5. Bd5 Nc5 6. Bxc6 dxc6 7. Nxe5 Bd6 8. Re1 0-0 9. d4 Ne6 10. Nf3 Nf4 11. Be3 Bg4 12. Qc1 Qf6 13. Nbd2 Rae8 14. Kh1 Re6 15. Ng1 Rfe8 16. Nf1 Qg6 17. Ng3 h5 18. f3 h4 19. fxg4 Qxg4 20. Qd1 Qxd1 21. Raxd1 hxg3 22. Bd2 gxh2 23. Nf3 Ne2 24. Ne5 Nxd4 25. Bf4 Nxc2 26. Re2 Nb4 27. Bxh2 Bxe5 28. Bxe5 Rxe5 29. Rxe5 Rxe5 30. Rd4 Nd5 31. b4 f5 32. a3 f4 33. Kg1 g5 34. Kf2 g4 35. g3 f3 36. Rxg4+ Kf7 37. Rh4 Rf5 38. Rh7+ Ke6 39. Rg7 Nf6 40. g4 Rf4 41. g5 Ne4+ 42. Ke3 f2 0-1